El principe y las ovejas

محفوظ في:
التفاصيل البيبلوغرافية
المؤلف الرئيسي: Lafourcade Valdenegro, Enrique (autor)
التنسيق: كتاب
اللغة:الإسبانية
منشور في: Santiago Alfa 1988
الموضوعات:
الوسوم: إضافة وسم
لا توجد وسوم, كن أول من يضع وسما على هذه التسجيلة!

MARC

LEADER 00000nam a2200000 a 4500
001 UCX8666
003 CL-VaPUC
008 940418e19880000CL |||||||||||||||||spa|d
082 0 4 |a Ch863  |b LAF  |2 21 
100 |a Lafourcade Valdenegro, Enrique  |e autor  |9 543407 
245 1 3 |a El principe y las ovejas 
300 |a 264 p 
942 |c BK 
945 |d 19940418 00:00:00  |a rbrito 
260 |a Santiago  |b Alfa  |c 1988 
650 0 |a Novelas chilenas   |9 265425 
583 |a last modification  |c 19940418 00:00:00  |k Rodrigo Vera 
999 |c 228105  |d 228103 
952 |0 0  |1 0  |4 0  |6 CH_863_000000000000000_LAF_1988  |7 0  |8 A  |9 227724  |a BIBEDU  |b BIBEDU  |d 2019-11-15  |i 2968843  |o Ch863 LAF 1988  |p 2968843  |r 2019-11-15  |w 2019-11-15  |y BK  |k LIT